000
00291nam a2200133Ia 4500
005
20251222152645.0
008
251222s9999||||xx |||||||||||||| ||spa||
020
_a
8486768101
082
_a
823.7/S31
100
_a
Scott, Walter
245
0
_a
Ivanhoe
264
_b
Mateu S.A.
942
_c
LIB
999
_c
28219
_d
28219